| 000 | 00489nam a22001817a 4500 | ||
|---|---|---|---|
| 003 | OSt | ||
| 005 | 20251117073249.0 | ||
| 008 | 251117b |||||||| |||| 00| 0 eng d | ||
| 020 | _a9780495829294 | ||
| 020 | _a0495829293 | ||
| 040 |
_aDLC _beng _cDLC _dRU _erda |
||
| 050 |
_aBF121 _b.T35 2010 |
||
| 100 | _aTalbot, Shawn | ||
| 245 |
_aIntroduction to Psychology : _bGateways to mind and behavior |
||
| 250 | _a12e | ||
| 260 |
_aBelmont, USA _bWadsworth/Cengage _c2010 |
||
| 942 |
_2lcc _cBK |
||
| 999 |
_c265212 _d265211 |
||